Statistiques concernant Associez le nom de famille au pays #1

Cliquez ici pour prendre le quiz!

Statistiques générales

  • Ce quiz a été pris 207 fois
  • Le résultat moyen est 3 sur 5

Statistiques - réponses

QuestionRéponse% Correct
MüllerAllemagne
98%
De JongPays-Bas
64%
SatõJapon
52%
NgoCameroun
45%
KhanQatar
5%

Distribution des résultats

Percentile par nombre de réponses

% des personnes avec chaque résultat

Votre développement - résultats

Vous n’avez pas pris ce quiz